00681 2200217 4500001002100000005001500021035002000036007000300056008004100059020001800100082000800118084001400126100002100140245009800161250002000259260003600279300005700315650003100372700001600403856004400419INLIS00000000113743720220118031450 a0010-0122002545ta220118 0 ind  a979-683-803-6 a640 a640 MAR t0 aMary Tagliaferri1 aThe New Menopause Book :bIhwal yang perlu anda ketahui tentang Menopause /cMary Tagliaferri aCetakan Pertama bINDEKS kelompok GRAMEDIA,c2006 a292 halaman :bIlustrasi ;c23 x 16 cmeBahan Kertas 4aKesejahteraan Rumah Tangga0 aIsaac Cohen aKoleksi Perpustakaan Umum Kota Makassar